| 000 | 01240nam a2200313Ia 4500 | ||
|---|---|---|---|
| 001 | ebr10274024 | ||
| 003 | CaPaEBR | ||
| 006 | m u | ||
| 007 | cr cn||||||||| | ||
| 008 | 080821s2008 enk sb 001 0 eng d | ||
| 020 | _z9780335234110 | ||
| 020 | _z0335234119 | ||
| 040 |
_aCaPaEBR _cCaPaEBR |
||
| 035 | _a(OCoLC)567909298 | ||
| 050 | 1 | 4 |
_aQA135.5 _b.T398 2008eb |
| 245 | 0 | 0 |
_aTeaching and learning early number _h[electronic resource] / _cedited by Ian Thompson. |
| 250 | _a2nd ed. | ||
| 260 |
_aMaidenhead, England ; _aNew York : _bOpen University Press, _c2008. |
||
| 300 | _axvii, 232 p. | ||
| 500 | _aPrevious ed.: 1997. | ||
| 504 | _aIncludes bibliographical references and index. | ||
| 533 |
_aElectronic reproduction. _bPalo Alto, Calif. : _cebrary, _d2009. _nAvailable via World Wide Web. _nAccess may be limited to ebrary affiliated libraries. |
||
| 650 | 0 |
_aArithmetic _xStudy and teaching (Elementary) |
|
| 650 | 0 |
_aNumeracy _xStudy and teaching (Elementary) |
|
| 655 | 7 |
_aElectronic books. _2local |
|
| 700 | 1 |
_aThompson, Ian _q(Frederick Ian) |
|
| 710 | 2 | _aebrary, Inc. | |
| 856 | 4 | 0 |
_uhttp://site.ebrary.com/lib/rucke/Doc?id=10274024 _zAn electronic book accessible through the World Wide Web; click to view |
| 999 |
_c5908 _d5908 |
||